Jaki lub czego bywa napad? - Statystyki

Ogólne statystyki
  • Ten quiz został rozwiązany 15 razy
  • Średni wynik to 2 z 7
Statystyki odpowiedzi
Odpowiedź % Poprawnych
Epilepsji | Padaczki
71%
Paniki
36%
Rabunkowy
29%
Śmiechu
21%
Astmy
14%
Czkawki
7%
Kaszlu
7%
Nie znaleziono quizów pasujących do podanych kryteriów
Rozkład punktacji
Procent ludzi z każdym wynikiem
Percentyl według liczby udzielonych odpowiedzi
Twoja historia wyników
Nie rozwiązałeś tego quizu